Normal view MARC view
  • Castellion, Sébastien

Entry NOMBRE PERSONAL

Number of records used in: 1

001 - NUMERO DE CONTROL DEL REGISTRO

  • Campo de control: 410931

003 - IDENTIFICADOR DEL NÚMERO DE CONTROL

  • Campo de control: ES-SlBCS

005 - FECHA Y HORA DE LA ÚLTIMA TRANSACCIÓN

  • Campo de control: 20210327231240.0

008 - ELEMENTOS DE LONGITUD FIJA

  • Campos de control de longitud fija: 210327|| aca||aabn | a|a d

040 ## - FUENTE DE LA CATALOGACIÓN

  • Agencia que crea de manera original el registro: ES-SlBCS
  • Agencia que realiza la transcripción: ES-SlBCS

100 ## - ENCABEZAMIENTO - NOMBRE PERSONAL

  • Nombre personal: Castellion, Sébastien
  • Fechas asociadas con el nombre: 1515-1563
  • Subdivisión temática general: Crítica e interpretación

670 ## - FUENTE EN LA QUE SE LOCALIZARON DATOS

  • Cita de la fuente: Work cat.: (ES-SlBCS)857845: Bühler, Pierre 10824, Formes précoces de l'idée moderne de tolérance religieuse chez Sébastien Castellion

Bibliotecas Dominicos Provincia Hispania, 2016

Con tecnología Koha